[Event "5th Nebesna Sotnya Rapid 2018"]
[Site "Lutsk"]
[Date "2018.02.18"]
[Round "8"]
[White "Solovchuk, Oleksiy"]
[Black "Alexikov, Alexander"]
[Result "1-0"]
[WhiteElo "2364"]
[BlackElo "2339"]
[Annotator "TA"]
[PlyCount "98"]
[EventDate "2018.??.??"]
[EventType "swiss"]
[EventCountry "UKR"]
[SourceTitle "playchess.com"]
[Source "ChessBase"]
[SourceQuality "1"]

{[%evp 22,98,43,20,21,0,19,7,5,14,14,4,22,19,32,31,42,42,55,0,0,0,0,-7,43,10,24,24,54,45,79,72,61,66,67,68,101,91,104,89,258,183,273,228,228,250,307,270,305,216,1315,1310,1032,625,2791,2629,1751,1001,1001,986,985,973,956,935,887,923,958,959,915,957,945,942,933,653,2377,1856,2046,1986,1602]} 1. c4 g6 2. Nc3 Bg7 3. d4 Nf6 4. e4 d6 5. Nf3 O-O 6. Be2 e5 7. O-O Na6 8. d5 Nc5 9. Qc2 a5 10. Be3 Ng4 {[%cal Bf6g4,Bg4h6,Bh6f7][%mdl 32]} 11. Bxc5 dxc5 12. h3 Nh6 {E94: King's Indian: Classical: 6 Be2 e5 7 0-0: Various Black 7th moves} 13. Qd2 (13. Rad1 Bd7 14. Qd2 f6 15. Qe3 b6 16. Nb5 Nf7 17. Bd3 Bh6 18. Qe2 Nd6 19. a4 Rf7 20. Rfe1 {0-1 (53) Bunda,V (2299)-Rojicek,V (2399) Slovakia 2017}) 13... f6 14. Qe3 b6 {The position is equal.} 15. Bd1 {[%cal Be2d1,Bd1a4,Ba4c6][%mdl 32]} Nf7 $146 ({Find the theoretical novelty and annotate with similar games:} 15... f5 16. Ba4 f4 17. Qe2 g5 18. Bc6 Rb8 19. Nh2 Rf6 20. Nb5 {0-1 (30) Monteiro,A-Duarte,M Brazil CXEB 2002}) 16. Ba4 f5 17. Bc6 f4 18. Qe2 Rb8 19. Nb5 Nd6 20. Nxd6 ({White should play} 20. Na7 $14) 20... cxd6 $11 21. a3 h5 22. b4 Bf6 23. Nh2 Kh7 24. Rfb1 axb4 25. axb4 cxb4 26. Ra7+ Kh6 27. Rxb4 g5 28. Rba4 {[%cal Bb4a4,Ba4a1,Ba1f1][%mdl 32]} Rg8 29. g4 fxg3 30. fxg3 g4 $2 (30... b5 $16 31. cxb5 Qb6+ 32. Kg2 Rf8) 31. h4 Rf8 (31... Kg6 $142 32. Nf1 Rg7) 32. Qe3+ $18 Kg6 33. Ra1 Bg7 34. Rf1 {[#] Hoping for Rxf8.} Bh6 35. Qa3 $40 {[%mdl 128] Black is in trouble.} Bd2 $2 (35... Bg7 36. Bd7 Bxd7 37. Qxd6+ Be6 38. Rxg7+ (38. Qxe6+ Rf6 $16) 38... Kxg7 39. Qxe5+ Kg6) 36. Rxf8 {White is clearly winning.} Qxf8 37. Be8+ Kf6 38. Rf7+ Qxf7 39. Bxf7 Kxf7 40. Qxd6 Ra8 41. Nf1 Bc3 42. Qc7+ Kf8 43. Qc6 Bd4+ 44. Kh1 Ra1 45. Qxc8+ Ke7 46. Qe6+ Kd8 47. Qf5 {[#] Threatens to win with d6.} Ra2 48. Qxh5 Rf2 49. Nh2 Rc2 {Precision: White = 73%, Black = 29%.} 1-0

[Event "5th Nebesna Sotnya Rapid 2018"]
[Site "Lutsk"]
[Date "2018.02.18"]
[Round "8"]
[White "Matviishen, Viktor"]
[Black "Sergeev, Vladimir"]
[Result "0-1"]
[WhiteElo "2336"]
[BlackElo "2445"]
[Annotator "TA"]
[PlyCount "23"]
[EventDate "2018.??.??"]
[EventType "swiss"]
[EventCountry "UKR"]
[SourceTitle "playchess.com"]
[Source "ChessBase"]
[SourceQuality "1"]

{[%evp 13,23,12,54,8,17,20,71,58,52,69,78,68]} 1. d4 Nf6 2. c4 d6 3. Nf3 g6 4. g3 Bg7 5. Bg2 O-O 6. Nc3 c6 7. O-O Be6 {LiveBook: 19 Games} 8. Qd3 {E62: King's Indian: Fianchetto: 6...c6 and Panno Variation (6...Nc6) without ...a6} (8. d5 cxd5 9. cxd5 Bd7 10. Nd4 Na6 11. e4 Rc8 12. h3 Rc4 13. Be3 Qa5 14. Qe2 Rfc8 15. Nc6 R4xc6 16. dxc6 Bxc6 {1-0 (34) Khademalsharieh,S (2433)-Abdumalik,Z (2428) Ashkhabad 2017}) 8... d5 $146 ({Predecessor:} 8... Qa5 9. e4 Na6 10. a3 Bg4 11. h3 Bxf3 12. Qxf3 Nd7 13. Be3 Nc7 14. Rfd1 Ne6 15. b4 Qc7 {0-1 (42) Vucenovic,D (2271)-Harestad,T (2199) Dresden 2013}) 9. cxd5 Nxd5 (9... Bf5 $11 10. e4 Nxe4 11. dxc6 Nxc3 12. cxb7 Bxd3 13. bxa8=Q Ne2+ 14. Kh1 Nxd4) 10. e4 Nb4 11. Qb1 a5 12. Rd1 {[%mdl 32768] Loss on Time!?} 0-1

[Event "5th Nebesna Sotnya Rapid 2018"]
[Site "Lutsk"]
[Date "2018.02.18"]
[Round "9"]
[White "Bernadskiy, Vitaliy"]
[Black "Budnikov, Oleg"]
[Result "1-0"]
[WhiteElo "2588"]
[BlackElo "2422"]
[Annotator "TA"]
[PlyCount "39"]
[EventDate "2018.??.??"]
[EventType "swiss"]
[EventCountry "UKR"]
[SourceTitle "playchess.com"]
[Source "ChessBase"]
[SourceQuality "1"]

{[%evp 21,39,-24,15,12,18,11,84,81,87,21,233,227,222,217,418,416,416,356,29987,29988]} 1. e4 c5 2. Nf3 Nc6 3. Nc3 e6 4. d4 cxd4 5. Nxd4 Nf6 6. a3 d6 7. Be3 a6 8. f4 Qc7 9. Qd2 Be7 10. O-O-O O-O 11. Be2 Nxd4 {LiveBook: 6 Games. B48: Sicilian: Taimanov: 5 Nc3 Qc7 6 Be3 a6 without Be2} 12. Bxd4 b5 13. Bxf6 gxf6 (13... Bxf6 $11 {remains equal.} 14. Qxd6 Qxd6 15. Rxd6 Bb7) 14. f5 $16 Kh8 15. Bh5 $146 ({Better is} 15. Qh6 $16) ({Find the theoretical novelty and annotate with similar games:} 15. Qh6 Rg8 16. Rd3 Bb7 17. Rh3 Rg7 18. Rf1 Qd8 19. Rf4 {½-½ (29) Kriebel,T (2320)-Diamant,A (2518) Chotowa 2010}) 15... Qc5 $2 (15... Rb8 $1 $11 {and Black has nothing to worry.}) 16. Qh6 $18 Bb7 17. Rd3 {[#] Hoping for Rh3.} Rg8 $2 (17... exf5 18. exf5 Rg8) 18. Bxf7 Rg7 19. Bxe6 Rxg2 $2 (19... Bf8 $18 20. Rh3 Qc7 21. Qxf6 Be7) 20. Rg3 1-0

[Event "5th Nebesna Sotnya Rapid 2018"]
[Site "Lutsk"]
[Date "2018.02.18"]
[Round "9"]
[White "Bogdanovich, Stanislav"]
[Black "Peng, Li Min"]
[Result "1-0"]
[WhiteElo "2560"]
[BlackElo "2404"]
[Annotator "TA"]
[PlyCount "102"]
[EventDate "2018.??.??"]
[EventType "swiss"]
[EventCountry "UKR"]
[SourceTitle "playchess.com"]
[Source "ChessBase"]
[SourceQuality "1"]

{[%evp 19,102,0,0,0,12,0,0,-2,0,-11,0,0,24,22,20,16,36,45,71,37,47,32,99,66,51,40,106,100,92,113,96,102,167,153,162,76,81,45,45,32,37,15,128,121,125,19,19,19,19,19,19,20,27,28,195,254,702,665,1019,1004,661,618,820,755,3394,1880,29966,29966,29961,29961,5193,5110,29975,29976,12837,6103,29977,29978,29978,29978,29985,29986,29986,29987,29991]} 1. d4 Nf6 2. c4 g6 3. Nc3 d5 4. e3 Bg7 5. Qb3 e6 6. Qa3 a5 {D80: Grünfeld: Unusual White 4th moves and 4 Bg5} 7. Bd2 c6 8. b3 Na6 9. Nf3 Nb4 10. Qb2 O-O {LiveBook: 5 Games} 11. a3 Na6 12. Bd3 $146 ({Predecessor:} 12. Be2 b6 13. O-O Bb7 14. Rfd1 {1-0 (37) Ibragimov,I (2566)-Roiz,M (2512) ICC INT 2003}) 12... c5 13. O-O b6 14. cxd5 exd5 15. Ne5 cxd4 16. exd4 Nc7 17. Rac1 $36 {[%mdl 2048] White is more active.} Ba6 18. Bxa6 Nxa6 19. Nb5 Ne4 20. Bf4 Qf6 (20... g5 $14 21. Be3 f6) 21. Be3 {Hoping for Nd7.} Rfc8 22. Qe2 {[#] Threatens to win with Rxc8+.} Qe6 (22... Qe7 $1 $14) 23. Rxc8+ $16 Qxc8 24. Rc1 Qe8 25. f3 Bxe5 (25... f6 $16 {was necessary.}) 26. fxe4 $18 ({But not} 26. dxe5 $6 Nec5 $14) 26... Bg7 27. e5 (27. exd5 $18 {is more deadly.} Bh6 28. Rc3) 27... Bf8 $16 28. h3 Rc8 $1 29. Rxc8 Qxc8 30. Nd6 Bxd6 (30... Qc3 $1 $11 {keeps the balance.}) 31. exd6 Nb8 32. Bg5 (32. Bh6 $16 {Threatening mate with Qe5.} Qe6 33. Qc2) 32... Qe6 $1 $11 {[%cal Re6e2]} 33. Qxe6 fxe6 {[%mdl 4096] Endgame KB-KN} 34. Bd8 Nd7 35. Kf2 Kf7 36. Ke3 e5 $2 (36... h6 $11 {and Black has nothing to worry.}) 37. dxe5 $18 a4 $2 (37... Ke6 38. Kd4 Nxe5 39. Bxb6 Kxd6) 38. bxa4 {[%cal Bb3a4,Ba4a5][%mdl 32]} Nxe5 39. Bxb6 Nc4+ 40. Kd4 {[#] Strongly threatening d7.} Nxb6 {KN-KP} 41. a5 Nc4 42. a6 Nxd6 43. Kxd5 Nc8 44. Kc6 Ke6 45. Kc7 Na7 46. Kb7 Nb5 47. a4 {[%cal Ba3a4,Ba4a5][%mdl 32]} Nd6+ 48. Kb8 {White mates.} Nc4 49. a7 Nb6 50. a5 Nd7+ 51. Kc7 Kd5 {Precision: White = 66%, Black = 24%.} 1-0

[Event "5th Nebesna Sotnya Rapid 2018"]
[Site "Lutsk"]
[Date "2018.02.18"]
[Round "9"]
[White "Gritsak, Orest"]
[Black "Solovchuk, Oleksiy"]
[Result "0-1"]
[WhiteElo "2469"]
[BlackElo "2364"]
[Annotator "TA"]
[PlyCount "88"]
[EventDate "2018.??.??"]
[EventType "swiss"]
[EventCountry "UKR"]
[SourceTitle "playchess.com"]
[Source "ChessBase"]
[SourceQuality "1"]

{[%evp 16,88,87,79,93,27,33,9,39,-6,5,10,17,-12,-8,-6,0,-7,-2,0,0,-12,-8,-19,-10,-8,-4,-7,0,-11,-11,-10,-16,-10,-8,-17,-15,-27,-19,-23,-14,-45,-54,-60,-52,-50,-49,-56,-37,-158,-164,-171,-163,-202,-204,-189,-188,-181,-181,-181,-181,-181,-181,-257,-209,-209,-197,-795,-776,-782,-800,-752,-715,-860,-760]} 1. Nf3 c5 2. c4 Nc6 3. Nc3 g6 4. e3 Bg7 5. d4 d6 6. Be2 Nf6 7. O-O O-O 8. d5 Nb8 9. h3 {LiveBook: 6 Games. E61: King's Indian: Early deviations for White, including Smyslov System} (9. e4 Na6 10. h3 Nc7 11. Bf4 Nd7 12. Qd2 a6 13. a4 Rb8 14. a5 b5 15. axb6 Rxb6 16. Ra3 Ne8 {1-0 (57) Markowski,T (2553)-Socko,B (2629) Opole 2007}) 9... e5 10. dxe6 (10. e4 $16) 10... fxe6 $11 11. Ng5 $146 {White is slightly better.} ({Find the theoretical novelty and annotate with similar games:} 11. e4 Nc6 12. Bg5 h6 13. Bh4 g5 14. Bg3 e5 15. Nb5 Nd4 16. Nfxd4 cxd4 {0-1 (43) Karwowski,K (2194)-Bakalarz,L (2026) Bialystok 2017}) 11... Qe7 12. Nge4 Rd8 13. Nxf6+ Bxf6 14. Ne4 Bg7 15. Qc2 $1 Nc6 16. Bd2 b6 17. Bc3 d5 18. Bxg7 Kxg7 19. Nd2 Bb7 20. a3 Ne5 21. f4 Nf7 22. Qc3+ Qf6 23. Qxf6+ Kxf6 24. cxd5 exd5 25. Kf2 Nd6 26. Bf3 Ne4+ 27. Bxe4 dxe4 28. Rfd1 Rd3 {[#] Threatens to win with ...Rad8.} 29. Nc4 Rad8 30. Rxd3 Rxd3 $15 {[%mdl 4096] Endgame KRB-KRN} 31. b4 Bd5 32. Ne5 (32. Rc1 $1 $15) 32... Rd2+ $17 33. Kf1 {[#]} c4 $1 34. Rc1 b5 35. Ng4+ Ke6 36. Nf2 h5 {[%cal Bh7h5,Bh5h4][%mdl 32]} 37. g4 Ra2 38. Rc3 h4 39. Ke1 Kd6 40. Nd1 Kc6 41. Rc1 $2 (41. Nf2) 41... Rxa3 $19 {Black is clearly winning.} 42. Nc3 a5 43. bxa5 b4 44. Ne2 Kc5 {Precision: White = 37%, Black = 84%.} 0-1

[Event "5th Nebesna Sotnya Rapid 2018"]
[Site "Lutsk"]
[Date "2018.02.18"]
[Round "9"]
[White "Sergeev, Vladimir"]
[Black "Golubka, Petro"]
[Result "0-1"]
[WhiteElo "2445"]
[BlackElo "2422"]
[Annotator "TA"]
[PlyCount "94"]
[EventDate "2018.??.??"]
[EventType "swiss"]
[EventCountry "UKR"]
[SourceTitle "playchess.com"]
[Source "ChessBase"]
[SourceQuality "1"]

{[%evp 13,94,59,60,35,43,23,25,18,18,3,6,-21,63,-7,0,0,0,1,8,-14,0,0,0,-26,-14,-32,-29,-64,-49,-56,-52,-34,312,306,715,685,905,877,897,892,886,875,859,814,768,747,691,737,700,714,664,631,910,570,885,885,862,835,734,462,441,0,375,168,167,158,681,652,561,483,483,481,437,268,250,233,237,-1053,-1033,-995,-987,-948,-939]} 1. Nf3 d6 2. d4 Bg4 3. c4 g6 4. Nc3 Bg7 5. e3 c5 6. Be2 Nc6 7. d5 Na5 {LiveBook: 10 Games} 8. Nd2 {A35: Symmetrical English: 2 Nc3 Nc6 3 Nf3} (8. Qa4+ Bd7 9. Qc2 Nf6 10. e4 O-O 11. h3 e6 12. O-O exd5 13. cxd5 Re8 14. Re1 a6 15. a4 Qb8 {½-½ (29) Ramirez,A (2595)-Abreu Delgado,A (2481) Panama City 2011}) 8... Bxe2 9. Qxe2 Nf6 10. O-O {White has an edge.} O-O 11. Rd1 Nd7 $146 ({Predecessor:} 11... Qd7 12. Qd3 Ng4 13. f4 Nxe3 14. Re1 Nf5 15. Nde4 a6 16. g3 Rab8 17. a4 Nb3 18. Ra3 Nfd4 19. Be3 Nf3+ {0-1 (19) Sasseville,J (1995)-Plante,M (2002) Montreal 2010}) 12. Rb1 a6 (12... Bxc3 $1 $11 13. bxc3 Nb6) 13. a3 (13. Nde4 $14) 13... Bxc3 14. bxc3 Re8 15. e4 e5 16. Nf1 Qh4 17. g3 Qh3 18. Be3 f5 19. exf5 gxf5 20. f3 f4 21. Bf2 $1 {[#]} e4 $1 {[%mdl 512]} 22. fxe4 Ne5 $2 {[%mdl 8192]} (22... Nf6 $1 $15 {stays ahead.} 23. Nd2 Ng4) 23. gxf4 $18 Ng4 $2 (23... Qg4+ 24. Qxg4+ Nxg4) 24. Rd3 Nxf2 25. Rxh3 Nxh3+ 26. Kh1 Nxf4 27. Qg4+ Ng6 28. Ng3 Nxc4 29. Rxb7 Nce5 30. Qf5 {White wants to mate with Qf6.} Rab8 31. Rxb8 Rxb8 32. Qe6+ Kh8 33. Qf6+ Kg8 34. Nh5 {[%csl Gh5][%cal Rf6g7]} Rb7 35. Qe6+ Rf7 36. Nf6+ Kg7 37. Nh5+ $2 (37. Ne8+ $18 Kh6 38. Nxd6) 37... Kh6 $2 {[%mdl 8192]} (37... Kg8 $1 $11 38. Qxd6 Rf1+ 39. Kg2 Rf8 40. Qxa6 Kh8) 38. Qh3 (38. Ng3 $142) 38... Kg5 {[#]} 39. Ng3 $1 {[%cal Rg3f5]} Rb7 $2 (39... Nh4 $16) 40. Qf5+ Kh6 41. Qh5+ Kg7 {aiming for ...Rb1+.} 42. Nf5+ Kf6 {...Rb1+ is the strong threat.} 43. Qd1 Nf4 44. Nxd6 Rb2 {Strongly threatening ...Nf3!} 45. Qf1 $4 {[%mdl 8192] [#]} (45. Qg1 $18 Ng4 46. e5+ (46. Qxg4 Rb1+ 47. Qg1 Rxg1+ 48. Kxg1 Ke5 $16) 46... Ke7 47. Ne4 (47. Qxg4 Rb1+ 48. Qg1 Rxg1+ 49. Kxg1 Nxd5 $11) (47. Nf5+ Kd8 $11)) 45... Nf3 $1 $19 {[%csl Gf3][%cal Rb2h2][%mdl 512] Black is clearly winning.} 46. e5+ (46. Qxf3 Rb1+) 46... Ke7 {[%csl Gf3][%cal Rb2h2]} 47. Nf5+ Kd8 {Precision: White = 39%, Black = 43%.} 0-1

[Event "5th Nebesna Sotnya Rapid 2018"]
[Site "Lutsk"]
[Date "2018.02.18"]
[Round "9"]
[White "Mirzoev, Emil"]
[Black "Stupak, Kirill"]
[Result "0-1"]
[WhiteElo "2405"]
[BlackElo "2559"]
[Annotator "TA"]
[PlyCount "64"]
[EventDate "2018.??.??"]
[EventType "swiss"]
[EventCountry "UKR"]
[SourceTitle "playchess.com"]
[Source "ChessBase"]
[SourceQuality "1"]

{[%evp 22,64,0,0,2,5,79,0,0,0,18,-7,14,0,14,0,29,-1,-6,-69,-70,-108,-105,-13,-16,-123,-144,-127,-143,-133,-135,-114,-130,-129,-110,-236,-230,-218,-191,-203,-185,-295,-227,-615,-612]} 1. d4 Nf6 2. c4 e6 3. Nc3 c5 4. d5 exd5 5. cxd5 Bd6 6. Nf3 Bc7 7. d6 Ba5 8. Bg5 Qb6 {A60: Modern Benoni: Early Divergences} (8... h6 9. Bh4 O-O 10. e3 Bxc3+ 11. bxc3 b6 12. Bd3 Bb7 13. O-O Re8 14. Re1 g5 15. Nxg5 hxg5 16. Bxg5 {0-1 (48) Ding,L (2530)-Vitiugov,N (2681) Sochi 2009}) 9. Bxf6 Qxb2 10. Bxg7 Bxc3+ 11. Bxc3 Qxc3+ 12. Nd2 {LiveBook: 3 Games} b6 13. Rc1 Qd4 (13... Qf6 $11) 14. Nc4 $146 ({Better is} 14. e3 $16 Qg7 15. Qf3) ({Predecessor:} 14. Rc4 Qxd6 15. Qa1 Rf8 16. Ne4 {0-1 (41) Sumets,A (2477)-Aliavdin,N (2349) Pardubice 2005}) 14... Qxd1+ $11 15. Rxd1 Nc6 16. h4 Ba6 17. e3 Rg8 18. Rd5 Kf8 19. Rh3 Re8 $36 {[%mdl 2048] White is under pressure.} 20. Rf3 (20. Rh5 $11) 20... Rg4 $1 $15 {[#]} 21. Nxb6 $1 {[%mdl 512]} axb6 22. Bxa6 Nb4 23. Rdf5 (23. Rh5 $1 $11) 23... Nxa6 $17 24. Rxf7+ Kg8 25. Rxd7 {[#]} Rg7 $1 {[%cal Rg7d7]} ({Stronger than} 25... Rxh4 26. Rg3+ Kh8 27. Rdg7 $16) ({Much weaker is} 25... Rxg2 $6 26. Re7 $11) 26. Rg3 Rxg3 27. fxg3 Rxe3+ {KRN-KR} 28. Kf2 (28. Kd2 $17 Re4 29. a3) 28... Rd3 $19 29. Ra7 Nb4 30. d7 {Threatens to win with Ra8+.} Kf8 31. Rb7 (31. h5 $142) 31... Ke7 32. a3 $2 (32. Rxb6 Nxa2 33. Rc6) 32... Nd5 {Precision: White = 26%, Black = 79%.} 0-1

[Event "5th Nebesna Sotnya Rapid 2018"]
[Site "Lutsk"]
[Date "2018.02.18"]
[Round "9"]
[White "Razin, Vadim"]
[Black "Oleksienko, Mikhailo"]
[Result "0-1"]
[WhiteElo "2377"]
[BlackElo "2538"]
[Annotator "TA"]
[PlyCount "108"]
[EventDate "2018.??.??"]
[EventType "swiss"]
[EventCountry "UKR"]
[SourceTitle "playchess.com"]
[Source "ChessBase"]
[SourceQuality "1"]

{[%evp 31,108,8,5,0,0,0,7,7,20,7,25,21,65,58,43,0,0,0,33,41,51,-72,-71,-62,-56,-63,-22,-22,-20,-79,-76,-76,0,0,0,0,0,0,0,0,0,0,0,0,0,0,8,0,37,16,38,0,0,0,0,-58,-50,-95,-54,-133,-18,-59,-76,-120,-120,-120,-118,-120,-120,-120,-120,-165,-165,-29982,-29983,-29983,-29984,-29984,-29985]} 1. d4 d5 2. Nf3 Nf6 3. c4 c6 4. Nc3 dxc4 5. a4 Bf5 6. e3 e6 7. Bxc4 Bb4 8. O-O O-O 9. Qe2 Bg6 10. Ne5 Nbd7 11. Nxg6 hxg6 12. Rd1 Qa5 13. Bd2 e5 14. d5 {D19: Damengambit (Slawische Verteidigung, Hauptvariante)} Rad8 15. dxc6 bxc6 16. Be1 e4 {LiveBook: 9 Partien} 17. Qc2 Ne5 18. Be2 Rxd1 19. Rxd1 Rd8 20. h3 Rxd1 $146 ({Vorgänger:} 20... c5 21. Kf1 Rxd1 22. Qxd1 {½-½ (48) Crouch,C (2407)-Hanley,C (2278) Scarborough 2001}) 21. Qxd1 Nfd7 22. Qd4 f5 23. Bc4+ Kh8 24. Be6 Bc5 (24... Nf6 $5 {[%cal Re5d3]}) 25. Qd1 Qc7 26. Bxf5 (26. Ne2 $14) 26... gxf5 $17 27. Qh5+ Kg8 {Droht ...g6 und aus.} 28. Qxf5 Bb4 29. Qe6+ Nf7 30. Nd5 cxd5 31. Bxb4 {[#]} Nf6 ({Lieber} 31... Nb6 $1 $17 32. Qe8+ Kh7) 32. Bc3 $11 Qd6 33. Qc8+ $1 Kh7 34. Qf5+ Kg8 35. Qc8+ $1 Kh7 36. Qb7 Qd7 37. Qa6 $1 Nd6 38. Bd4 Nf5 39. Qxa7 Nxd4 40. Qxd4 Qc7 41. b4 Qc1+ 42. Kh2 Qc2 43. Kg1 (43. a5 $11) 43... Qxa4 $15 44. g3 Qb3 45. g4 {[#]} ({Günstiger ist} 45. Kg2 $15) 45... Qc4 (45... Nd7 $1 $17 46. Kg2 Qa2) 46. Qe5 Qxb4 {Und weiter mit ...Db7 wäre nett.} 47. g5 Nh5 {...Db1+ ist eine echte Drohung.} 48. Qxd5 g6 49. Kg2 Ng7 50. Qf7 Qb5 51. Qe7 Qf5 52. Kg3 $2 (52. Kg1 $19) 52... Qf3+ {Schwarz setzt Matt.} 53. Kh2 Qxf2+ 54. Kh1 Qxe3 {Precision: Weiß = 38%, Schwarz = 50%.} 0-1

[Event "5th Nebesna Sotnya Rapid 2018"]
[Site "Lutsk"]
[Date "2018.02.18"]
[Round "9"]
[White "Grekh, Andrey"]
[Black "Omelja, Artem"]
[Result "1/2-1/2"]
[WhiteElo "2352"]
[BlackElo "2445"]
[Annotator "TA"]
[PlyCount "35"]
[EventDate "2018.??.??"]
[EventType "swiss"]
[EventCountry "UKR"]
[SourceTitle "playchess.com"]
[Source "ChessBase"]
[SourceQuality "1"]

{[%evp 15,17,19,15,16]} 1. e4 e6 2. d4 d5 3. Nd2 c5 4. Ngf3 Nc6 5. exd5 exd5 6. Bb5 cxd4 7. O-O Bd6 8. Re1+ {C09: French Tarrasch: 3...c5 4 exd5 exd5 5 Ngf3 Nc6} Nge7 {LiveBook: 15 Games} 9. Nxd4 {Predecessor:} O-O $146 10. N2b3 Qc7 11. h3 a6 12. Bd3 Ne5 13. Bf4 N7g6 14. Bxg6 fxg6 15. Bxe5 Bxe5 16. c3 Qd6 17. Qd3 Bd7 18. Re2 {½-½ (51) Guseinov,G (2613)-Carlsen,M (2881) Dubai 2014} 1/2-1/2

[Event "5th Nebesna Sotnya Rapid 2018"]
[Site "Lutsk"]
[Date "2018.02.18"]
[Round "9"]
[White "Polyakov, Maxim"]
[Black "Mischuk, Dmitry"]
[Result "1/2-1/2"]
[WhiteElo "2336"]
[BlackElo "2439"]
[Annotator "TA"]
[PlyCount "36"]
[EventDate "2018.??.??"]
[EventType "swiss"]
[EventCountry "UKR"]
[SourceTitle "playchess.com"]
[Source "ChessBase"]
[SourceQuality "1"]

{[%evp 11,36,0,6,6,7,0,21,18,10,18,16,10,8,18,19,19,24,25,51,6,21,7,39,40,47,0,253]} 1. c4 c6 2. Nf3 d5 3. e3 Nf6 4. Nc3 e6 5. b3 Bd6 6. Bb2 {A11: Reti-Eröffnung} Qe7 {LiveBook: 6 Partien} 7. Rc1 O-O 8. Be2 $146 ({Vorgänger:} 8. g3 Nbd7 9. Bg2 e5 10. O-O e4 11. Ne1 dxc4 12. bxc4 Nb6 13. Qb3 Bf5 14. f3 exf3 15. Nxf3 {1-0 (52) Flores,D (2599)-Obregon,C (2449) Buenos Aires 2011}) 8... a6 9. d4 Nbd7 10. O-O b6 11. Re1 Bb7 12. Bd3 Bb4 13. Qc2 h6 14. Red1 c5 15. a3 Bxc3 16. Bxc3 Ne4 17. Bb2 Rac8 18. dxc5 Ndf6 $2 {[%mdl 40960] Precision: Weiß = 44%, Schwarz = 31%. . An unexpected result.} (18... Ndxc5 $11 19. cxd5 Bxd5) 1/2-1/2

[Event "5th Nebesna Sotnya Rapid 2018"]
[Site "Lutsk"]
[Date "2018.02.18"]
[Round "10"]
[White "Bogdanovich, Stanislav"]
[Black "Bernadskiy, Vitaliy"]
[Result "0-1"]
[WhiteElo "2560"]
[BlackElo "2588"]
[Annotator "TA"]
[PlyCount "126"]
[EventDate "2018.??.??"]
[EventType "swiss"]
[EventCountry "UKR"]
[SourceTitle "playchess.com"]
[Source "ChessBase"]
[SourceQuality "1"]

{[%evp 19,126,-6,-8,-40,-37,-47,-27,-60,-19,-31,-27,-72,-47,-55,-14,-43,-6,-15,-8,-20,-28,-45,-37,-40,0,0,0,0,0,0,0,0,0,0,0,0,0,0,0,0,0,0,0,-310,0,0,3,4,0,0,0,-26,0,0,40,0,130,130,130,0,0,0,123,9,9,9,9,9,11,9,54,0,0,-29997,10,0,0,0,28,0,0,0,122,26,26,26,26,26,31,-931,-897,-29965,-29964,-29963,-29964,-29970,-29971,-29975,-29972,-29969,-29972,-5284,-5193,-29987,-29988,-29988,-29988,-29990,-29990]} 1. Nf3 d5 2. g3 g6 3. Bg2 Bg7 4. O-O Nf6 5. b4 O-O 6. Bb2 c6 7. a3 a5 8. d3 axb4 9. axb4 Rxa1 10. Bxa1 Na6 {LiveBook: 8 Games. A05: Réti Opening: 1 Nf3 Nf6} 11. b5 $146 ({Predecessor:} 11. c3 Re8 12. Nbd2 e5 13. e4 Nc7 14. Qc2 b5 15. Re1 Nd7 16. Nb3 Nb6 17. Na5 Qd6 18. Bb2 h6 19. Bc1 {0-1 (50) Topalov,V (2798)-Caruana,F (2805) Stavanger 2015}) 11... cxb5 12. Nbd2 b4 {Black is slightly better.} 13. Be5 Bg4 14. Qa1 Nb8 15. e4 dxe4 16. Nxe4 Nbd7 17. Bd4 Qa8 18. Nxf6+ Nxf6 19. Qe1 {[#]} b3 $1 {[%mdl 512]} 20. Qxe7 (20. cxb3 Rd8) 20... Re8 21. Qb4 $1 {[%cal Rb4b3]} Bxf3 22. Bxf3 bxc2 23. Qb2 Qd8 24. Rc1 Nh5 25. Bxg7 Nxg7 26. Qxc2 Nf5 {Strongly threatening ...Nd4.} 27. Qb1 b6 28. Bb7 Qd4 29. Rc4 Qd6 30. Rc6 Qd4 {Hoping for ...Nd6.} 31. Ba6 $2 {[%mdl 8192]} (31. Rc4 $11 {and White is okay.} Qf6 32. Rc6) 31... Qd5 $2 (31... Re2 $19 32. Qxb6 Re1+ 33. Kg2 Qd5+ 34. Kh3 Ne3 $1 {[%mdl 512]} 35. Rc8+ Kg7 36. Qxe3 (36. fxe3 {is a self mate.} Qh5+ 37. Kg2 Re2+ 38. Kg1 Qxh2+ 39. Kf1 Qg2#) 36... Rxe3 37. fxe3 Qe6+ 38. g4 Qxe3+ 39. Kg2 Qb6) 32. Rxb6 $11 Nd4 $132 {[%mdl 2048] Black is not keeping still} 33. Bb7 Nf3+ $1 ({Of course not} 33... Ne2+ $6 34. Kf1 $16) 34. Kh1 Qh5 {[%csl Gf3][%cal Rh5h2]} 35. Kg2 (35. Bxf3 $5 Qxf3+ 36. Kg1 $11) 35... Ne1+ 36. Kg1 Qe2 37. Be4 h5 (37... Rxe4 $1 $11 {remains equal.} 38. dxe4 Nf3+ 39. Kh1 (39. Kg2 Ne1+ 40. Kg1 Nf3+ 41. Kh1 Nd2 $11) 39... Nd2 40. Rb8+ Kg7 41. Qa1+ Kh6) 38. Rb2 $1 $16 {[%cal Rb2e2]} Nf3+ 39. Kg2 Ne1+ 40. Kg1 Nf3+ 41. Kh1 ({Only move:} 41. Bxf3 $1 $16 Qxf3 42. Rb8 Rxb8 43. Qxb8+ Kh7 44. Qe8) 41... Nd2 $11 42. Qc1 Rxe4 43. Rxd2 {[%mdl 4096] Endgame KQR-KQR} Qf3+ 44. Kg1 Re8 45. d4 ({White should play} 45. h4 $14) 45... h4 {( -> ...h3)} 46. Qd1 $2 {[%mdl 8192] [#]} (46. Qf1 $11) 46... Qd5 $2 (46... h3 $1 {[%mdl 512] mates} 47. Qf1 {[#]} Re1 $1 {[%mdl 512]} 48. Qxe1 Qg2#) 47. gxh4 {[%cal Bg3h4,Bh4h5][%mdl 32]} Re4 48. h5 Qe6 49. Kg2 {And now d5 would win.} Rg4+ 50. Kf1 Re4 (50... Rg5 $11 {keeps the balance.}) 51. Qf3 (51. f3 $16 Rf4 52. hxg6) 51... Qd5 {aiming for ...Re1+!} 52. Rd3 {hxg6 is the strong threat.} gxh5 53. h3 Kh7 54. Rd1 $2 {[%mdl 8192] [#]} (54. Qf6 $14 Qe6 55. Qxe6 fxe6 56. Re3 Rxd4 57. Rxe6) 54... Re1+ $1 $19 {[%mdl 512]} 55. Rxe1 Qxf3 {KQ-KR} 56. Re3 Qd1+ 57. Kg2 Qxd4 58. Rg3 Qe4+ 59. Kg1 f5 {[%cal Bf7f5,Bf5f4][%mdl 32]} 60. Re3 Qd5 61. Rg3 f4 {Black mates.} 62. Ra3 Kg6 63. Ra7 Kg5 {Precision: White = 31%, Black = 53%.} 0-1